Reflections - The Neighbourhood - All Lyrics - Statistics

General Stats
  • This quiz has been taken 63 times
    60 since last reset
  • The average score is 288 of 333
Answer Stats
Answer % Correct
I
100%
(I
100%
in
100%
see
100%
you
100%
you,
100%
you)
100%
You
100%
a
98%
close
98%
close,
98%
my
98%
never
98%
reflection
98%
So
98%
so
98%
(So
98%
somebody
98%
the
98%
to
98%
too
98%
too)
98%
Where
98%
yeah
98%
Yeah,
98%
your
98%
knew
96%
like
96%
stars
96%
We
96%
we
96%
were
96%
eyes
94%
Falling
94%
it
94%
Maybe
94%
be
92%
been?
92%
been
92%
blessing
92%
disguise
92%
Do
92%
have
92%
just
92%
know
92%
back?
90%
coming
90%
it's
90%
me
90%
hard
88%
I'd
88%
if
88%
than
88%
when
88%
you're
88%
as
86%
go,
86%
lose
86%
use
84%
but
82%
did
82%
rather
82%
gone
80%
I've
80%
oh,
80%
you've
80%
for
78%
give
78%
myself
78%
broken
76%
tried
76%
bit
73%
far
73%
far)
73%
little
73%
out
73%
sad
73%
since
73%
along
71%
and
71%
away
71%
Could've,
71%
fix
71%
get
71%
got
71%
should've
71%
Wish
71%
put
69%
don't
67%
don't)
67%
more
67%
sick
67%
whatever's
67%
chore
65%
might
65%
potion
65%
save
63%
wanted
63%
Yet
63%
bliss
61%
crazy
61%
Hoping
61%
Ignorant
61%
few
59%
stay
59%
'Cause
57%
sips
57%
daily,
53%
every
53%
How
53%
(No)
53%
no,
53%
sky
51%
time
49%
baby
45%
(Tell
43%
solo
41%
that
41%
through
41%
always
37%
shooting
37%
up
37%
wasn't
37%
Lighting
35%
night,
35%
bright,
33%
right,
33%
(Mhm)
22%
realign,
20%
No matching quizzes found
Score Distribution
Percent of People with Each Score
Percentile by Number Answered
Your Score History
You have not taken this quiz since the last reset